| 000 | 01424nac a22003371u 4500 | ||
|---|---|---|---|
| 010 | _a 2004061132 | ||
| 020 | _a0072977450 (alk. paper) | ||
| 020 | _a0071115498 | ||
| 082 | 0 | 0 |
_a338.5 _bF8511 |
| 090 |
_c2394 _d2394 |
||
| 100 | _aFrank, Robert H. | ||
| 245 | 1 | 0 |
_aMicroeconomics and behavior / _cRobert H. Frank. |
| 250 | _a6th ed. | ||
| 260 |
_aBoston, Mass. : _bMcGraw-Hill/Irwin,2006 _c2006. |
||
| 300 |
_axxvii, 692 p. : _bill. ; _c26 cm. |
||
| 500 | _aVarious multi-media instructional materials are available to supplement the text. | ||
| 504 | _aIncludes bibliographical references and index. | ||
| 650 | 0 | _aMicroeconomics. | |
| 650 | 0 | _aEconomic man. | |
| 650 | 0 | _aSelf-interest. | |
| 650 | 0 | _aConsumer behavior. | |
| 650 | 0 |
_aMicroeconomics _vExaminations, questions, etc. |
|
| 650 | 0 |
_aEconomic man _vExaminations, questions, etc. |
|
| 650 | 0 |
_aSelf-interest _vExaminations, questions, etc. |
|
| 650 | 0 |
_aConsumer behavior _vExaminations, questions, etc. |
|
| 650 | 0 |
_aSelf-interest _vExaminations, questions, etc. |
|
| 856 | 4 | 2 |
_3Publisher description _uhttp://www.loc.gov/catdir/enhancements/fy0619/2004061132-d.html |
| 856 | 4 | 2 |
_3Table of contents only _uhttp://www.loc.gov/catdir/enhancements/fy0619/2004061132-t.html |
| 942 |
_cBB _k338.5F8511 |
||
| 999 |
_c2394 _d2394 |
||